| 000 | 00390nam a22001457a 4500 | ||
|---|---|---|---|
| 020 | _a9780471739326 | ||
| 040 | _cNust | ||
| 082 |
_a620.1 _bMER |
||
| 100 |
_aMeriam, L.J _9123373 |
||
| 110 |
_aKraige, G.L _9123374 |
||
| 245 |
_aEngineering Mechanics: _bStatics |
||
| 260 |
_aNew York: _bJohn Wiley & Sons Inc, _c2007. |
||
| 650 |
_aAntennas and Wave Propagation _9123372 |
||
| 942 |
_2ddc _cBK |
||
| 999 |
_c609585 _d609585 |
||